ბათუმის შოთა რუსთაველის სახელმწიფო უნივერსიტეტის ბიბლიოთეკა

მენეჯმენტის საფუძვლები : (ბიბ.ჩანაწერი № 36926)

000 -ლიდერი
ფიქსირებული სიგრძის საკონტროლო ველი 01286nam a2200253Ia 4500
001 - საკონტროლო ნომერი
საკონტროლო ველი 2877
003 - საკონტროლო ნომრის იდენტიფიკატორი
საკონტროლო ველი GE_BSU
005 - ბოლო ოპერაციის თარიღი და დრო
საკონტროლო ველი 20190506104813.0
008 - ფიქსირებული სიგრძის მონაცემთა ელემენტები - ზოგადი ინფორმაცია
ფიქსირებული სიგრძის საკონტროლო ველი 181216s1 ||||ge |||||||||||||| ||geo||
040 ## - კატალოგიზაციის წყარო
Transcribing agency GE_BSU
041 ## - ენის კოდი
Language code of text/sound track or separate title geo
080 ## - უნივერსალური ათობითი კლასიფიკაციის ინდექსი
Universal Decimal Classification number 658(075.8)+005(042) მ–56
100 ## - მთავარი ჩანაწერი - პიროვნების სახელი
Personal name მესტვირიშვილი, გივი
9 (RLIN) 733
245 ## - ცნობა სათაურის შესახებ
Title მენეჯმენტის საფუძვლები :
Remainder of title სახელმძღვანელო /
Statement of responsibility, etc გივი , მესტვირიშვილი ; ევგენი , ბარათაშვილი ; გურამ , ჯავახაძე ; რედ : გურამ მესტვირიშვილი
250 ## - გამოცემის ცნობა
Edition statement მე-2 განახლებული და შევსებული გამოცემა.
264 ## - წარმოების, გამოცემის, დისტრიბუციის და სხვა ცნობები
გამოცემის, წარმოების, დისტრიბუციის... ადგილი თბილისი . :
გამოცემის, წარმოების, დისტრიბუციის... სახელწოდება ცოდნის წყარო ,
გამოცემის, წარმოების, დისტრიბუციის... თარიღი 1997.
300 ## - ფიზიკური აღწერა
Extent 407გვ ;
Dimensions 21სმ.
653 ## - INDEX TERM--UNCONTROLLED
Uncontrolled term მენეჯმენტი
700 ## - ADDED ENTRY--PERSONAL NAME
Personal name ბარათაშვილი , ევგენი
9 (RLIN) 734
700 ## - ADDED ENTRY--PERSONAL NAME
Personal name ჯავახაძე , გურამ
9 (RLIN) 735
700 ## - ADDED ENTRY--PERSONAL NAME
Personal name მესტვირიშვილი , გურამ
Relator term რედაქტორი
9 (RLIN) 736
942 ## - ADDED ENTRY ELEMENTS (KOHA)
Koha item type წიგნი
Source of classification or shelving scheme
ეგზემპლარები
ჩამოწერის სტატუსი დაკარგული ეგზემპლარის სტატუსი კლასიფიკაციის წყარო ან თაროზე გაწყობის სქემა დაზიანების სტატუსი არ გაიცემა მუდმივი მდებარეობა (დაცვის ადგილი) ამჟამინდელი ადგილსამყოფელი თაროზე განთავსების ადგილი შეძენის თარიღი ღირებულება, შესყიდვის ნორმალური ფასი სრული შენახვის შიფრი შტრიხკოდი ბოლო ოპერაციის თარიღი ეგზემპლარის მიმდევრობითი ნომერი (კეტერი?) ფასის ძალაში შესვლის თარიღი ეგზემპლარის სახეობა საჯარო შენიშვნა
          ბათუმის შოთა რუსთაველის სახელმწიფო უნივერსიტეტის მთავარი ბიბლიოთეკა ბათუმის შოთა რუსთაველის სახელმწიფო უნივერსიტეტის მთავარი ბიბლიოთეკა წიგნსაცავი 2018-12-17 13.00 658(075.8)+005(042) მ–56 7696 2018-12-17 7696 2018-12-17 წიგნი 13 ლ.